000 00597cam a22002053a 4500
001 41351
003 PGUSA
005 20140828083930.0
008 121111s2012||||xxu|||||s|||||000 | eng d
040 _aPGUSA
_beng
042 _adc
100 1 _aWard, Robert DeCourcy
245 1 0 _aPractical Exercises in Elementary Meteorology
_h[electronic resource] /
_cRobert DeCourcy Ward
260 _bProject Gutenberg,
_c2012
506 _aPublic domain in the USA.
516 _aElectronic text
830 0 _aProject Gutenberg
_v41351
856 4 0 _uhttp://www.gutenberg.org/ebooks/41351
942 _cEB
999 _c270603
_d270603